000 00322pab a2200145 454500
008 180718b1983 xxu||||| |||| 00| 0 eng d
100 _aDatta, Abhijit
245 _aDelhi
260 _c1983
300 _a3-9
362 _aAug.
650 _aCities And Towns - Growth - India - Delhi
773 _aCities
909 _a5382
999 _c5382
_d5382